000 00238nam a22000857a 4500
008 160924b xxu||||| |||| 00| 0 eng d
100 _9735
_aAggarwala.N.K
245 _aGreat Fun with Grammar-5
260 _aNew Delhi
_bMacmillan Publications
_c2012
999 _c3392
_d3392